| 000 | 00413nab a22001577a 4500 | ||
|---|---|---|---|
| 001 | T027600010269-11 | ||
| 008 | 190830b xxu||||| |||| 00| 0 esp | | ||
| 040 |
_aFEVP _cFEVP |
||
| 100 | _aPatricio Molina, Juan. | ||
| 245 | _aLa modernización de los servicios públicos. | ||
| 300 | _app. 281-294 | ||
| 650 | _aHábitos Alimenticios | ||
| 650 | _aCocina--Historia | ||
| 650 | _aAlimentos--Historia | ||
| 942 | _cANL | ||
| 999 |
_c12997 _d12997 |
||